01018nam a2200241 a 4500001001000000003000900010005001700019008004100036040002500077082001500102100002400117245006100141260004200202300002100244500007400265650003300339650003200372910003700404942001400441952018500455952011900640999001700759000039367DO-SdBNP20250225115303.0111021s1972 ag 000 0 spa d aDO-SdBNPbspacBNPHU a501bB942c1 aBunge, Mario93114513aLa ciencia, su método y su filosofía /cMario Bunge. aBuenos Aires. :bSiglo Veinte,c1972. a159 p. ;c20 cm. aIncluye referencias bibliográficas y notas al pie de las páginas. 0a Ciencia -xMetodología93 4aCienciaxFilosofía954994 aValidado. Control de calidad MFF 2ddccLBS1 001050718MOaGRbGRcHDd2013-06-25iLF1l0o501 B942cp39367-10r2020-06-25w2020-06-25y1zPerteneció a la biblioteca personal de Juan Isidro Jimenez GrullónZNo se presta 001150718MOaGRbGRcMId2014-02-03iLF1l0o501 B942cp39367-20r2020-06-25te. 2w2020-06-25y1ZNo se presta c38857d38857